000 00398nam a2200169Ia 4500
008 230524s9999 xx 000 0 und d
020 _a9788175544321
082 _a658.45
_bCLE
100 _aClegg
245 0 _aCrash in Course Personal Development
250 _a3RD
260 _aNEW DELHI
_c2008
300 _aIX;514
500 _aQuantity Number: 5
650 _aManagement
942 _cBK
999 _c41411
_d41411